[Event "4th Tilburg Interpolis it"]
[Site "Tilburg NED"]
[Date "1980.10.02"]
[Round "11"]
[White "Timman, Jan"]
[Black "Spassky, Boris"]
[Result "1/2-1/2"]
[WhiteElo "2600"]
[BlackElo "2615"]
[EventDate "1980.09.19"]
[PlyCount "114"]

1. e4 c5 2. Nf3 e6 3. d4 cxd4 4. Nxd4 Nf6 5. Nc3 d6 6. g4 h6 7. g5 hxg5 8. Bxg5
Nc6 9. Qd2 Qb6 10. Nb3 Bd7 11. O-O-O a6 12. f4 Qc7 13. Bg2 O-O-O 14. h4 Be7 15.
Bf3 Kb8 16. h5 Bc8 17. Nd4 Bd7 18. Nb3 Be8 19. Bh4 d5 20. exd5 Nxd5 21. Nxd5
exd5 22. Bxe7 Qxe7 23. Qf2 Rh6 24. Rhg1 Qc7 25. Rxg7 Qxf4+ 26. Qd2 Qxd2+ 27.
Rxd2 Ne5 28. Rxd5 Rxd5 29. Bxd5 Bc6 30. Bxf7 Nxf7 31. Rxf7 Rxh5 32. Nd4 Bd5 33.
Rf8+ Kc7 34. b3 Rh4 35. Ne2 Rh2 36. Nc3 Bc6 37. Rf6 Rg2 38. Kb2 Rh2 39. a4 Rg2
40. Rf7+ Kb6 41. Rf4 Rh2 42. Nb1 Kc5 43. Nc3 Kd6 44. Rf5 Ke6 45. Rg5 Kd6 46.
Rg4 Ke5 47. Rg1 Kd6 48. Rg5 Bf3 49. Rg3 Bc6 50. Re3 Rf2 51. Rd3+ Ke5 52. Nd1
Re2 53. Ne3 b5 54. Ng4+ Ke6 55. axb5 axb5 56. Re3+ Rxe3 57. Nxe3 b4 1/2-1/2